Normal view
MARC view
- Shahnila Gul
Entry Personal Name
001 - CONTROL NUMBER
- control field: 47685
003 - CONTROL NUMBER IDENTIFIER
- control field: NUST
005 - DATE AND TIME OF LATEST TRANSACTION
- control field: 20210314133901.0
008 - FIXED-LENGTH DATA ELEMENTS
- fixed length control field: 210314|| aca||aabn | a|a d
040 ## - CATALOGING SOURCE
- Original cataloging agency: NUST
- Transcribing agency: NUST
100 ## - HEADING--PERSONAL NAME
- Personal name: Shahnila Gul
670 ## - SOURCE DATA FOUND
- Source citation: Work cat.: (NUST): Adnan Arshad. 47666, Planning & scheduling, value engineering, health & safety & risk management (D-type apartments risalpur cantt)/, 2014.
